00979cam a2200265 a 450000100100000000500170001000800410002701500090006802000150007704000250009208200190011710000380013624500480017426000430022230000400026549000360030550400570034150000220039860000580042065000260047865000300050483000450053495201170057999900170069600002017620200929170311.0790914s1974 sp acf b 001 0bspa d aSp74 a8432024171 aDO-SdBNPbspacBNPHU a843.7bB198dzP1 aPujol, Carlos,d1799-1850.94277310aBalzac y La comedia humana /cCarlos Pujol. aBarcelona :bEditorial Planeta,c1974. a258 [4] P. :bil., retrs. ;c20 cm.1 aDifusión cultural planetav17 aIncluye referencias bibliográficas: p. 237 - [245] aIncluye índice.14aBALZAC, HONORE DE,d1799-1850.tCOMEDIA HUMANA942774 4aNovela francesa91075 4aLiteratura francesa91074 0aDifusión cultural planeta ;n17942775 001050718MOaGRbGRcHDd2010-07-26iLF1l0o843.7 B198dzPp20176-10r2020-06-25w2020-06-25y1ZNo se presta c19683d19683